000 00527 a2200169 4500
003 Nust
005 20221122093644.0
040 _cNust
082 _a621.381,WIL
100 _aGlade Wilcox
_9103317
245 _aBasic Electronics /
_cGlade Wilcox
260 _aNew York
_bHolt , Rinehart and Winston
_c1960
300 _a402p;
505 _aPart.1: How Electronics Components Work (Page-1), Part.2: Basic Circuits (Page-173), Part.3: Application (Page-353).
650 _aTelecommunication Engineering
942 _2ddc
_cBK
999 _c194236
_d194236